000 00661nam a2200205 a 4500
001 000025257
005 20200930023650.0
008 110211s1983 sp d r 000 0 spa d
020 _a842450366X
040 _aDO-SdBNP
_bspa
_cBNPHU
082 _axxxxx
_bS129p
100 1 _aSagrera, Martín.
_d1935-
_926705
245 1 3 _aEl problema poblacional :
_bdemasiados españoles /
_cMartín Sagrera ; prólogo Amando de Miguel.
260 _aMadrid :
_bFundamentos,
_c1983.
300 _a247 p. :
_bdiagrs. ;
_c19.5 cm.
490 1 _aCiencia ;
_v134
500 _aIncluye referencias bibliográficas p. [235-247].
830 0 _aCiencia ;
_n134
_951757
049 _aBNGR
999 _c24750
_d24750